Chaotic dynamics (Record no. 78155)

MARC details
000 -LEADER
fixed length control field 00637nam a2200157 a 4500
008 - FIXED-LENGTH DATA ELEMENTS--GENERAL INFORMATION
fixed length control field 120416s0000 xx |||||||||||||| || u
020 ## - INTERNATIONAL STANDARD BOOK NUMBER
International Standard Book Number 0521484618
050 ## - LIBRARY OF CONGRESS CALL NUMBER
Classification number HB 145 Med
100 ## - MAIN ENTRY--PERSONAL NAME
Personal name Medio, Alfredo
245 10 - TITLE STATEMENT
Title Chaotic dynamics
246 ## -
-- theory and applications to economics
260 ## - PUBLICATION, DISTRIBUTION, ETC.
Date of publication, distribution, etc. 1992
350 ## -
-- 0.00
995 ## -
-- ANNEX COLLECTION (Main Library)
-- 0.00
-- 728218
-- CBU-MAIN LIBRARY (Kitwe)
-- 1
-- 35.00
-- HB 145 Med
-- AVAILABLE
-- 026330
-- Annex Low-Usage Collection
995 ## -
-- ANNEX COLLECTION (Main Library)
-- 0.00
-- 728219
-- CBU-MAIN LIBRARY (Kitwe)
-- 2
-- 35.00
-- HB 145 Med
-- AVAILABLE
-- 026333
-- Annex Low-Usage Collection
999 ## -
-- 78155
-- 78155
Holdings
Withdrawn status Lost status Source of classification or shelving scheme Damaged status Not for loan Permanent Location Current Location Shelving location Date acquired Total Checkouts Full call number Barcode Date last seen Copy number Price effective from Koha item type
          CBU-MAIN LIBRARY, KITWE. CBU-MAIN LIBRARY, KITWE.   05/03/2023   HB 145 Med 026330 05/03/2023 1 05/03/2023 MONOGRAPH
Withdrawn         CBU-MAIN LIBRARY, KITWE. CBU-MAIN LIBRARY, KITWE.   05/03/2023   HB 145 Med 026333 05/03/2023 2 05/03/2023 MONOGRAPH